Airfield and Highway Pavements : Efficient Pavements Supporting Transportation's Future /

Bibliographic Details
Other Authors: Roesler, Jeff, Bahia, Hussain U., Al-Qadi, Imad L., Murrell, Scott D.
Format: eBook
Published: Reston, VA : American Society of Civil Engineers, 2008.
Subjects:
Online Access:Connect to the full text of this electronic book

MARC

Tag First Indicator Second Indicator Subfields
LEADER 00000cam a22000005u 4500
001 in00002787046
005 20190331170709.0
006 m o d
007 cr nn 008mam|a
008 081014t2008 gw fo || 0 0 |||||
020 |a 9780784410059 
035 |a (American Society of Civil Eng)10.1061/9780784410059 
040 |d UtOrBLW 
245 0 0 |a Airfield and Highway Pavements :  |b Efficient Pavements Supporting Transportation's Future /  |c Edited by Jeffery R. Roesler, Hussain U. Bahia, Imad L. Al-Qadi, Scott D. Murrell. 
264 1 |a Reston, VA :  |b American Society of Civil Engineers,  |c 2008. 
300 |a 1 online resource. 
336 |a text  |b txt  |2 rdacontent 
337 |a computer  |b c  |2 rdamedia 
338 |a online resource  |b cr  |2 rdacarrier 
500 |a Electronic resource. 
653 |a Proceedings  |a Transportation and Development Institute (TDI)  |a Airports and airfields  |a Pavements  |a Highways and roads  |a Materials  |a Available in Print 
655 7 |a Electronic books.  |2 local 
700 1 |a Roesler, Jeff. 
700 1 |a Bahia, Hussain U. 
700 1 |a Al-Qadi, Imad L. 
700 1 |a Murrell, Scott D. 
730 0 |a ASCE Library. 
856 4 0 |u http://proxy.library.tamu.edu/login?url=http://ascelibrary.org/action/showBook?doi=10.1061%2F9780784410059  |z Connect to the full text of this electronic book  |t 0 
999 |a MARS 
999 f f |s bf99b09e-4ced-313d-bac1-4104ea34a6bc  |i e7c0ac3d-e359-324f-bda8-05d03ba98c21  |t 0 
952 f f |a Texas A&M University  |b College Station  |c Electronic Resources  |d Available Online  |t 0  |h No information provided 
998 f f |t 0  |l Available Online